Pays les plus proches de Brésil - Statistiques

Statistiques générales
  • Ce quiz a été pris 563 fois
  • Le résultat moyen est 17 sur 20
Statistiques - réponses
km pays % Correct
0 Argentine
99%
0 Uruguay
98%
0 Paraguay
97%
0 Bolivie
96%
713 Chili
96%
0 Colombie
96%
0 Pérou
96%
0 Venezuela
96%
489 Équateur
95%
0 Suriname
95%
0 Guyana
93%
1067 Panama
89%
542 Trinité-et-Tobago
72%
868 Barbade
71%
1117 Dominique
71%
948 Sainte-Lucie
71%
826 Saint-Vincent-et- les-Grenadines
71%
762 Grenade
68%
1340 Saint-Christophe- et-Niévès
66%
1318 Antigua-et-Barbuda
65%
Aucun quiz correspondant
Distribution des résultats
% des personnes avec chaque résultat
Percentile par nombre de réponses
Votre historique - résultats
Vous n’avez pas pris ce quiz